| 000 | 00360nam a22001217a 4500 | ||
|---|---|---|---|
| 082 | _aP-167 | ||
| 100 |
_aSajid Shahzad _947891 |
||
| 245 |
_aCracks types causes & remedial measures of buildings at Risalpur _cSajid Shahzad, Muhammad Faran Habib |
||
| 260 |
_aRisalpur _bMCE _c23-4-2000. |
||
| 526 |
_a0 _b0 _c0 _dP_167 |
||
| 650 |
_aProjs _947892 |
||
| 942 |
_2ddc _cBK |
||
| 999 |
_c550988 _d550988 |
||